[Event "NW Regional Scholastic Championships"]
[Site "Chess.com"]
[Date "2020.05.16"]
[Round "?"]
[White "SilasBT"]
[Black "LakeShaya"]
[Result "1-0"]
[WhiteElo "1200"]
[BlackElo "1095"]
[PlyCount "107"]
[EventDate "2020.??.??"]

1. e4 e5 2. Nf3 Nc6 3. Bb5 Nf6 4. Nc3 Ne7 5. Nxe5 c6 6. Bc4 d5 7. exd5 cxd5 8.
Bb5+ Bd7 9. Bxd7+ Nxd7 10. O-O Nxe5 11. Re1 N5c6 12. b3 g6 13. Bb2 Bg7 14. Na4
Bxb2 15. Nxb2 O-O 16. Nd3 Nf5 17. Nf4 Re8 18. Rxe8+ Qxe8 19. Nxd5 Qe4 20. Nf6+
Kg7 21. Nxe4 Re8 22. Ng5 Ne5 23. Qe1 Kf6 24. Nxh7+ Kg7 25. Ng5 Kh6 26. f4 Nf3+
27. Nxf3 Rxe1+ 28. Rxe1 Kh5 29. h3 Ng3 30. Re5+ Kh6 31. Rg5 Nf5 32. d4 Nd6 33.
Ne5 f6 34. Rxg6+ Kh5 35. Rxf6 Ne4 36. g4+ Kh4 37. Rh6+ Kg3 38. g5 Kxf4 39. g6
Nf6 40. g7 Ng8 41. Nd3+ Kg5 42. Rh8 Ne7 43. h4+ Kg6 44. g8=Q+ Nxg8 45. Rxg8+
Kf7 46. Rg4 Kf8 47. h5 Kf7 48. Rg6 Kf8 49. Ne5 Ke7 50. h6 b5 51. h7 a5 52. h8=Q
b4 53. Qf6+ Ke8 54. Rg8# 1-0

[Event "NW Regional Scholastic Championships"]
[Site "Chess.com"]
[Date "2020.05.16"]
[Round "?"]
[White "RipperSkier"]
[Black "SilasBT"]
[Result "1-0"]
[WhiteElo "1061"]
[BlackElo "1200"]
[PlyCount "55"]
[EventDate "2020.??.??"]

1. e4 e5 2. Nf3 Nc6 3. Bb5 d6 4. d4 a6 5. Bxc6+ bxc6 6. d5 cxd5 7. exd5 Be7 8.
O-O Nf6 9. c4 O-O 10. Nc3 Bg4 11. h3 Bxf3 12. Qxf3 c5 13. dxc6 Ra7 14. Nd5 e4
15. Nxf6+ Bxf6 16. Qxe4 Re8 17. Qf3 Qc8 18. Bf4 Be5 19. Bxe5 dxe5 20. Rfd1 e4
21. Qf4 Qxc6 22. b3 a5 23. Rd6 Qc7 24. Rad1 Ra6 25. Qg3 Re6 26. Rd8+ Qxd8 27.
Rxd8+ Re8 28. Rxe8# 1-0

[Event "NW Regional Scholastic Championships"]
[Site "Chess.com"]
[Date "2020.05.16"]
[Round "?"]
[White "witherking12000"]
[Black "ieatrocksforfun"]
[Result "0-1"]
[WhiteElo "1200"]
[BlackElo "1400"]
[PlyCount "56"]
[EventDate "2020.??.??"]

1. e4 e5 2. Nc3 Nc6 3. Nf3 Bb4 4. a3 Bxc3 5. dxc3 Nf6 6. Bd3 O-O 7. O-O d6 8.
Bg5 h6 9. Bh4 Bg4 10. Be2 Qe7 11. h3 Bh5 12. Ng5 hxg5 13. Bxg5 Bg6 14. Qd2 Qe6
15. Bd3 Nxe4 16. Qe3 Nxg5 17. f4 exf4 18. Qxf4 Bxd3 19. cxd3 f6 20. Rae1 Qd7
21. Qc4+ Qf7 22. d4 Qxc4 23. Rd1 Rae8 24. Rb1 Re2 25. b3 Qd3 26. Rbd1 Qc2 27.
Rc1 Rxg2+ 28. Kh1 Rh2+ 0-1

[Event "NW Regional Scholastic Championships"]
[Site "Chess.com"]
[Date "2020.05.16"]
[Round "?"]
[White "artistqueen"]
[Black "witherking12000"]
[Result "1-0"]
[WhiteElo "1522"]
[BlackElo "1200"]
[PlyCount "91"]
[EventDate "2020.??.??"]

1. e4 e5 2. Nf3 Nc6 3. Bb5 a6 4. Ba4 b5 5. Bb3 Nf6 6. O-O Nxe4 7. Re1 Nc5 8.
Nxe5 Nxe5 9. Rxe5+ Be7 10. Bxf7+ Kxf7 11. Qf3+ Kg8 12. Qxa8 c6 13. d4 Qf8 14.
dxc5 h6 15. Be3 Kh7 16. a4 Qf6 17. f4 d6 18. cxd6 Bh3 19. Qxh8+ Kxh8 20. dxe7
Bd7 21. e8=Q+ Bxe8 22. Rxe8+ Kh7 23. Nc3 Qf7 24. Ra8 Qe7 25. Re1 bxa4 26. Nxa4
Qb4 27. Ra1 Qe4 28. Bf2 Qxf4 29. Rxa6 Qc4 30. Nc3 c5 31. Rc6 Qb4 32. Rb1 c4 33.
Nd5 Qb5 34. Ne7 c3 35. Rxc3 Qe5 36. Re3 Qc7 37. c3 Qc4 38. b4 Qa2 39. Rbe1 Qd2
40. Rg3 Qd6 41. Bd4 g5 42. Nf5 Qf4 43. Re7+ Kg6 44. Rg7+ Kh5 45. Rh3+ Kg4 46.
Nxh6# 1-0

[Event "NW Regional Scholastic Championships"]
[Site "Chess.com"]
[Date "2020.05.16"]
[Round "?"]
[White "artemisbeam"]
[Black "witherking12000"]
[Result "1-0"]
[WhiteElo "1262"]
[BlackElo "1200"]
[PlyCount "95"]
[EventDate "2020.??.??"]

1. d4 d5 2. c4 Nf6 3. cxd5 Nxd5 4. e4 Nb6 5. Nc3 Nc6 6. Nf3 f6 7. Bb5 a6 8.
Bxc6+ bxc6 9. O-O Bg4 10. Bf4 Nd7 11. Be3 e5 12. h3 Bxf3 13. Qxf3 c5 14. d5 c4
15. a3 Bc5 16. Bd2 Bd4 17. Rac1 Nc5 18. Rc2 Nb3 19. Be1 O-O 20. Ne2 c5 21. Rxc4
Qb6 22. Nxd4 cxd4 23. Rb4 Qc5 24. Rxb3 Qc4 25. Qd3 Qc5 26. Bb4 Qb5 27. Qxb5
axb5 28. Bxf8 Kxf8 29. Rxb5 Re8 30. Rc5 Rb8 31. Rb1 d3 32. Rcc1 Kf7 33. Rd1 Rb3
34. a4 Ke7 35. a5 Kd7 36. a6 Rb8 37. a7 Ra8 38. Ra1 Kd6 39. Rxd3 Kc5 40. d6 Kc6
41. Rc1+ Kb6 42. Rc7 Rxa7 43. Rxa7 Kxa7 44. d7 Kb7 45. d8=Q Kc6 46. Rc3+ Kb5
47. Qb8+ Ka4 48. Ra3# 1-0

[Event "NW Regional Scholastic Championships"]
[Site "Chess.com"]
[Date "2020.05.16"]
[Round "?"]
[White "routraydinesh"]
[Black "alexhec"]
[Result "0-1"]
[WhiteElo "1376"]
[BlackElo "1008"]
[PlyCount "26"]
[EventDate "2020.??.??"]

1. c4 e5 2. Nc3 Nf6 3. e3 c5 4. Nf3 e4 5. Ng5 Nc6 6. Ngxe4 Nxe4 7. Nxe4 d5 8.
cxd5 Qxd5 9. Nc3 Qe5 10. Bb5 Bd7 11. O-O O-O-O 12. d3 Bd6 13. Bd2 Qxh2# 0-1

[Event "NW Regional Scholastic Championships"]
[Site "Chess.com"]
[Date "2020.05.16"]
[Round "?"]
[White "alexhec"]
[Black "Tanneywanney25"]
[Result "0-1"]
[WhiteElo "1008"]
[BlackElo "800"]
[PlyCount "84"]
[EventDate "2020.??.??"]

1. e4 e5 2. Nf3 Nc6 3. c4 Bc5 4. Nc3 d6 5. Nd5 Nf6 6. d3 h6 7. Bd2 Bg4 8. Qb3
Rb8 9. d4 Bxd4 10. c5 Bxc5 11. Bb5 a6 12. Bxc6+ bxc6 13. Nxf6+ gxf6 14. Qa4 Qd7
15. Qxa6 Bxf3 16. gxf3 Ke7 17. O-O-O Bxf2 18. f4 Bd4 19. f5 Bxb2+ 20. Kc2 Bd4
21. Rb1 Ra8 22. Qc4 c5 23. Rhg1 Bxg1 24. Rxg1 Qa4+ 25. Qb3 Qxa2+ 26. Qxa2 Rxa2+
27. Kc3 Ra3+ 28. Kb2 Rh3 29. Rh1 Rb8+ 30. Kc2 Rb6 31. Ba5 Ra6 32. Bxc7 Ra2+ 33.
Kb1 Rhxh2 34. Rd1 Rhb2+ 35. Kc1 Ra1+ 36. Kxb2 Rxd1 37. Kc3 h5 38. Kc4 h4 39.
Kb5 h3 40. Kc6 h2 41. Bxd6+ Rxd6+ 42. Kxc5 h1=Q 0-1

[Event "NW Regional Scholastic Championships"]
[Site "Chess.com"]
[Date "2020.05.16"]
[Round "?"]
[White "LizzardQueen3"]
[Black "alexhec"]
[Result "1-0"]
[WhiteElo "1114"]
[BlackElo "1008"]
[PlyCount "87"]
[EventDate "2020.??.??"]

1. e4 e5 2. Nf3 Nc6 3. Bb5 Nf6 4. d3 d5 5. exd5 Nxd5 6. Nxe5 Qe7 7. Qe2 Bf5 8.
O-O O-O-O 9. Re1 Nd4 10. Qh5 g6 11. Qg5 f6 12. Qh4 Nxb5 13. Nf3 Qg7 14. c4 Nb4
15. cxb5 Rxd3 16. Na3 Qd7 17. Qxf6 Bg7 18. Qh4 Rd1 19. Qxb4 Rxe1+ 20. Qxe1 Re8
21. Qd2 Qe6 22. h3 Bh6 23. Qxh6 Rd8 24. Be3 Qf6 25. Nc4 Bd3 26. Bg5 Qf5 27.
Bxd8 Bxc4 28. Qg5 Qc2 29. Bf6 Qe4 30. Qg4+ Qxg4 31. hxg4 Bxb5 32. Rd1 b6 33.
Rd8+ Kb7 34. Nd4 Ka6 35. Nxb5 Kxb5 36. Rd7 Kc6 37. Rxh7 a5 38. Bd8 b5 39. Rxc7+
Kd6 40. Rg7 a4 41. Rxg6+ Ke5 42. Rf6 b4 43. g5 b3 44. a3 1-0

[Event "NW Regional Scholastic Championships"]
[Site "Chess.com"]
[Date "2020.05.16"]
[Round "?"]
[White "alexhec"]
[Black "ChecknMater"]
[Result "0-1"]
[WhiteElo "1008"]
[BlackElo "1000"]
[PlyCount "60"]
[EventDate "2020.??.??"]

1. e4 e5 2. Nf3 Nc6 3. Nc3 Nf6 4. d4 d6 5. d5 Nb4 6. Bb5+ Bd7 7. Bc4 Be7 8. Bd2
Na6 9. Bb5 Bxb5 10. Nxb5 O-O 11. c4 Nxe4 12. Qc2 Nxd2 13. Qxd2 c6 14. Nc3 cxd5
15. Nxd5 Nc7 16. g4 Nxd5 17. cxd5 Qd7 18. h4 Qxg4 19. Qd3 e4 20. Qd1 Qxf3 21.
Kd2 Qxf2+ 22. Kc3 Rac8+ 23. Kb3 Qb6+ 24. Ka3 Qc5+ 25. b4 Qc3+ 26. Ka4 b5+ 27.
Ka5 Qa3+ 28. Kxb5 a6+ 29. Kb6 Qxb4+ 30. Ka7 Ra8# 0-1

[Event "NW Regional Scholastic Championships"]
[Site "Chess.com"]
[Date "2020.05.16"]
[Round "?"]
[White "Pretzel74"]
[Black "mobister"]
[Result "1-0"]
[WhiteElo "1097"]
[BlackElo "1244"]
[PlyCount "105"]
[EventDate "2020.??.??"]

1. e4 e5 2. Nf3 Nc6 3. Bb5 a6 4. Bxc6 dxc6 5. d4 exd4 6. Nxd4 Nf6 7. Nc3 Bc5 8.
Nb3 Bb6 9. Qxd8+ Kxd8 10. Bg5 Ke7 11. e5 h6 12. exf6+ gxf6 13. Bh4 Rg8 14. Bg3
Bf5 15. O-O-O h5 16. Rhe1+ Kf8 17. f3 a5 18. Kb1 a4 19. Nd4 Bc8 20. a3 Ra5 21.
Rd2 c5 22. Ndb5 c6 23. Nc7 Kg7 24. Ne8+ Kg6 25. Bc7 Bxc7 26. Nxc7 Bf5 27. Rd6
Rc8 28. Ne8 Raa8 29. Rxf6+ Kg5 30. h4+ Kf4 31. Nd6 Rd8 32. Rxf5+ Kg3 33. Nce4+
Kxg2 34. Re2+ Kf1 35. Nc3 Rxd6 36. Rxh5 Rf6 37. Rg5 Rxf3 38. Rgg2 Rd8 39. h5
Rh8 40. Ne4 Rd8 41. h6 Rd1+ 42. Ka2 f5 43. Nd2+ Rxd2 44. Rxd2 Rh3 45. Rh2 Rxh2
46. Rxh2 Kg1 47. Rd2 c4 48. h7 c3 49. bxc3 f4 50. h8=Q f3 51. Qd4+ f2 52. Qxf2+
Kh1 53. Qh2# 1-0

[Event "NW Regional Scholastic Championships"]
[Site "Chess.com"]
[Date "2020.05.16"]
[Round "?"]
[White "TRIPU06"]
[Black "Pretzel74"]
[Result "1-0"]
[WhiteElo "1375"]
[BlackElo "1097"]
[PlyCount "91"]
[EventDate "2020.??.??"]

1. e4 d5 2. exd5 Qxd5 3. Nc3 Qa5 4. Nf3 Bf5 5. d3 Nf6 6. Bd2 c6 7. Ne4 Qd8 8.
Nxf6+ gxf6 9. Qe2 e6 10. O-O-O Nd7 11. Nh4 Bg6 12. Re1 f5 13. g3 Bg7 14. Bh3
Qf6 15. Bc3 e5 16. Nf3 O-O-O 17. Nxe5 Rde8 18. f4 Nxe5 19. Bxe5 Qe6 20. Bxg7
Qxe2 21. Rxe2 Rxe2 22. Bxh8 Re6 23. Be5 f6 24. Bc3 Bf7 25. g4 Re3 26. Bg2 fxg4
27. Re1 Rxe1+ 28. Bxe1 Kd7 29. h3 f5 30. Kd2 a5 31. Ke3 a4 32. a3 Bd5 33. Bxd5
cxd5 34. hxg4 fxg4 35. f5 Ke7 36. Kf4 Kf7 37. Kxg4 Kf6 38. Bg3 Kf7 39. Be5 Ke7
40. Kg5 Kf7 41. Kh6 Kg8 42. f6 Kf7 43. Kxh7 Ke6 44. Bc3 Kf7 45. Kh6 Kf8 46. Kg6
1-0

[Event "NW Regional Scholastic Championships"]
[Site "Chess.com"]
[Date "2020.05.16"]
[Round "?"]
[White "Pretzel74"]
[Black "matthewhan"]
[Result "1-0"]
[WhiteElo "1097"]
[BlackElo "877"]
[PlyCount "113"]
[EventDate "2020.??.??"]

1. d4 d5 2. c4 c6 3. Nf3 Nf6 4. Nc3 e6 5. cxd5 cxd5 6. Bf4 Nc6 7. e3 Bb4 8. Qc2
Qa5 9. Bd3 O-O 10. O-O Bxc3 11. bxc3 Qd8 12. Rab1 Rb8 13. a4 g6 14. Bxb8 Bd7
15. Be5 Nxe5 16. dxe5 Ne8 17. Bb5 Bxb5 18. axb5 Nc7 19. Rfd1 Qd7 20. c4 Rc8 21.
Ng5 h6 22. Nf3 Ne8 23. e4 Qc7 24. Rd4 dxc4 25. Rc1 g5 26. Rxc4 Qxc4 27. Qxc4
Rxc4 28. Rxc4 Ng7 29. Rc8+ Kh7 30. g4 h5 31. Nxg5+ Kg6 32. Rg8 hxg4 33. Kg2
Kxg5 34. Rxg7+ Kf4 35. Rxf7+ Kxe4 36. Rxb7 Kxe5 37. Rxa7 Kd6 38. b6 Kc6 39. b7
Kb6 40. b8=Q+ Kc6 41. Rc7+ Kd6 42. Qd8+ Ke5 43. Kg3 Kf5 44. Rf7+ Ke5 45. Kxg4
Ke4 46. h3 e5 47. Rf4+ exf4 48. f3+ Ke3 49. h4 Kf2 50. Qe7 Kg1 51. Qe2 Kh1 52.
h5 Kg1 53. h6 Kh1 54. h7 Kg1 55. Kg5 Kh1 56. h8=Q+ Kg1 57. Qhh2# 1-0

[Event "NW Regional Scholastic Championships"]
[Site "Chess.com"]
[Date "2020.05.16"]
[Round "?"]
[White "ieatrocksforfun"]
[Black "Pretzel74"]
[Result "1-0"]
[WhiteElo "1400"]
[BlackElo "1097"]
[PlyCount "117"]
[EventDate "2020.??.??"]

1. e4 c5 2. Nf3 d6 3. Bc4 Nf6 4. d3 g6 5. Nc3 Bg7 6. O-O O-O 7. Re1 Nc6 8. e5
Nd7 9. exd6 exd6 10. Bf4 Nf6 11. Nb5 d5 12. Bb3 Bf5 13. Nd6 Bc8 14. Nxc8 Rxc8
15. Bg5 Re8 16. Rxe8+ Qxe8 17. Bxf6 Bxf6 18. Bxd5 Rd8 19. Bxc6 Qxc6 20. c3 Qd7
21. Ne1 Qb5 22. Qd2 c4 23. d4 Qa5 24. Nf3 Qf5 25. Re1 Qa5 26. a3 Qb5 27. h3 Kg7
28. Qc2 Rd6 29. Kf1 Rb6 30. Re2 Qb3 31. Qxb3 Rxb3 32. Rc2 Rb6 33. Re2 Bd8 34.
Ne5 Kf6 35. Nxc4 Re6 36. Rxe6+ fxe6 37. Ke2 Kf5 38. Kf3 Bg5 39. g4+ Kf6 40. Ke4
Bh4 41. f3 Bg5 42. b3 Bc1 43. a4 b6 44. h4 h6 45. Ne5 g5 46. h5 Bf4 47. c4 Bxe5
48. dxe5+ Ke7 49. f4 gxf4 50. Kxf4 a5 51. g5 hxg5+ 52. Kxg5 Kf7 53. h6 Kg8 54.
Kg6 Kh8 55. h7 b5 56. axb5 a4 57. b6 axb3 58. b7 b2 59. b8=Q# 1-0

[Event "NW Regional Scholastic Championships"]
[Site "Chess.com"]
[Date "2020.05.16"]
[Round "?"]
[White "Pretzel74"]
[Black "artemisbeam"]
[Result "0-1"]
[WhiteElo "1097"]
[BlackElo "1262"]
[PlyCount "172"]
[EventDate "2020.??.??"]

1. d4 d5 2. Nf3 e6 3. Bf4 Nf6 4. Nbd2 Bd6 5. Bg5 O-O 6. e3 Nc6 7. c4 dxc4 8.
Bxc4 b6 9. O-O Bb7 10. e4 Be7 11. Rc1 Nxd4 12. Nxd4 Qxd4 13. Be3 Qe5 14. Bd3
Bd6 15. Nf3 Qh5 16. h3 Bxe4 17. Bxe4 Nxe4 18. Qd4 Nf6 19. Bf4 Rad8 20. Bxd6
Rxd6 21. Qa4 Rd5 22. Qxa7 Ra5 23. Qxc7 Rxa2 24. Qxb6 Ra5 25. b4 Rb5 26. Qd4
Rfb8 27. Rb1 h6 28. Rfc1 Nd5 29. Rc5 Qg6 30. Rb2 Rxb4 31. Rxb4 Rxb4 32. Rc8+
Kh7 33. Qc5 Rb1+ 34. Kh2 Nf4 35. g3 Ne2 36. Qc2 Qxc2 37. Rxc2 Nc1 38. Rc7 Kg6
39. Nd2 Ra1 40. Nf3 Nd3 41. Kg2 Ra2 42. Nh4+ Kf6 43. Kf3 Nxf2 44. Rc1 Nxh3 45.
Rh1 Ng5+ 46. Kg4 Ra8 47. Rf1+ Ke7 48. Re1 Kf8 49. Kf4 Re8 50. Ke5 f6+ 51. Kf4
e5+ 52. Kf5 e4 53. Ng2 Ke7 54. g4 Kd6 55. Ne3 Kc5 56. Nc2 Kc4 57. Ne3+ Kd3 58.
Kg6 Kd2 59. Ng2 Nf3 60. Re3 Nh4+ 61. Kxg7 Nxg2 62. Rg3 e3 63. Rxg2+ e2 64. Kxh6
Kd1 65. Rg1+ e1=Q 66. Rxe1+ Kxe1 67. Kg6 Rg8+ 68. Kf5 Rf8 69. Kf4 Kf2 70. Ke4
Kg3 71. Kf5 Rg8 72. Kxf6 Rxg4 73. Ke5 Kf3 74. Kd6 Rg5 75. Ke7 Rf5 76. Ke8 Rf6
77. Ke7 Ra6 78. Kd7 Ke4 79. Kc7 Kd5 80. Kb7 Rc6 81. Ka8 Rc7 82. Kb8 Rh7 83. Kc8
Kd6 84. Kb8 Kc6 85. Ka8 Kb6 86. Kb8 Rh8# 0-1

[Event "NW Regional Scholastic Championships"]
[Site "Chess.com"]
[Date "2020.05.16"]
[Round "?"]
[White "mjcaramel"]
[Black "AssortedString"]
[Result "1-0"]
[WhiteElo "1193"]
[BlackElo "1200"]
[PlyCount "87"]
[EventDate "2020.??.??"]

1. e4 e5 2. Nf3 Nc6 3. Bc4 Bc5 4. c3 Nf6 5. d4 exd4 6. cxd4 Bb4+ 7. Nc3 Bxc3+
8. bxc3 O-O 9. e5 Qe7 10. O-O Nh5 11. Ng5 h6 12. Nxf7 Rxf7 13. Qxh5 d6 14.
Bxf7+ Qxf7 15. Qxf7+ Kxf7 16. exd6 cxd6 17. Bf4 d5 18. Rfe1 Bf5 19. f3 Re8 20.
g4 Rxe1+ 21. Rxe1 Bd3 22. Re3 Bc4 23. a3 Kf6 24. Be5+ Nxe5 25. Rxe5 g6 26. h4
b5 27. g5+ hxg5 28. hxg5+ Kf7 29. Kf2 a5 30. f4 a4 31. f5 gxf5 32. Rxf5+ Kg6
33. Re5 Kf7 34. Kg3 Kg6 35. Kh4 Kh7 36. Re6 Kg7 37. Rd6 Kh7 38. g6+ Kh6 39. Kg3
Kg7 40. Kf4 Kf8 41. Kg5 Kg7 42. Rd7+ Kf8 43. Kf6 Kg8 44. Rd8# 1-0

[Event "NW Regional Scholastic Championships"]
[Site "Chess.com"]
[Date "2020.05.16"]
[Round "?"]
[White "AssortedString"]
[Black "just-potato"]
[Result "0-1"]
[WhiteElo "1200"]
[BlackElo "1137"]
[PlyCount "114"]
[EventDate "2020.??.??"]

1. e4 e5 2. Nf3 Nc6 3. Bc4 Bc5 4. c3 Nf6 5. d3 h6 6. O-O O-O 7. Re1 d6 8. h3
Be6 9. Bxe6 fxe6 10. d4 exd4 11. cxd4 Bb4 12. Bd2 Bxd2 13. Nbxd2 Qd7 14. e5
dxe5 15. dxe5 Nd5 16. Nc4 Rf7 17. Qd3 Raf8 18. Rad1 Rf5 19. Nd4 Nxd4 20. Qxd4
b6 21. Ne3 c5 22. Qd3 Rxf2 23. Nxd5 Qxd5 24. Qxd5 exd5 25. Rb1 R2f5 26. Rf1
Rxf1+ 27. Rxf1 Rxf1+ 28. Kxf1 Kf7 29. Ke2 Ke6 30. Ke3 Kxe5 31. g3 g5 32. a3 a5
33. g4 d4+ 34. Kd3 Kd5 35. b3 b5 36. Ke2 a4 37. bxa4 bxa4 38. Kd2 Kc4 39. Kc2
d3+ 40. Kd2 Kd4 41. Kd1 c4 42. Kd2 c3+ 43. Kc1 Ke3 44. Kd1 c2+ 45. Kc1 Ke2 46.
h4 d2+ 47. Kxc2 d1=Q+ 48. Kc3 Qd3+ 49. Kb4 Qd7 50. h5 Qxg4+ 51. Kb5 Qc8 52. Kb6
Kd3 53. Kb5 Kd4 54. Kb6 Kd5 55. Kb5 Qb8+ 56. Ka6 Kc5 57. Ka5 Qa8# 0-1

[Event "NW Regional Scholastic Championships"]
[Site "Chess.com"]
[Date "2020.05.16"]
[Round "?"]
[White "AssortedString"]
[Black "hades1001"]
[Result "1/2-1/2"]
[WhiteElo "1200"]
[BlackElo "1143"]
[PlyCount "99"]
[EventDate "2020.??.??"]

1. e4 e5 2. Nf3 Nc6 3. Bc4 Nf6 4. d3 h6 5. c3 Bc5 6. O-O d6 7. h3 O-O 8. Re1
Be6 9. Bxe6 fxe6 10. d4 exd4 11. cxd4 Bb6 12. Bf4 d5 13. exd5 Qxd5 14. Nc3 Qd8
15. Rxe6 Nxd4 16. Nxd4 Bxd4 17. Re2 Bxc3 18. Qb3+ Nd5 19. bxc3 Rxf4 20. Rd2 Rf5
21. Rad1 c6 22. c4 Kh8 23. cxd5 cxd5 24. Rxd5 Rxd5 25. Qxd5 Qxd5 26. Rxd5 Re8
27. Rd7 Rb8 28. f3 a5 29. Kf2 b5 30. Ra7 a4 31. Ra5 Kg8 32. Ke3 Kf7 33. Kd4 Re8
34. Rxb5 g5 35. Rb7+ Kg6 36. g4 h5 37. Rb6+ Kh7 38. gxh5 Re2 39. Rg6 Rxa2 40.
Rxg5 Rb2 41. Ra5 Rb4+ 42. Kc3 Rh4 43. Kd3 Rxh3 44. Ke4 Kh6 45. f4 Rxh5 46.
Rxh5+ Kxh5 47. Kd3 Kg4 48. Kc3 Kxf4 49. Kb4 Ke4 50. Kxa4 1/2-1/2

[Event "NW Regional Scholastic Championships"]
[Site "Chess.com"]
[Date "2020.05.16"]
[Round "?"]
[White "Himanky"]
[Black "AssortedString"]
[Result "1-0"]
[WhiteElo "1155"]
[BlackElo "1200"]
[PlyCount "129"]
[EventDate "2020.??.??"]

1. d4 d5 2. c3 Nf6 3. e3 Bf5 4. Nf3 Nc6 5. Nbd2 e6 6. g3 Bd6 7. Bg2 O-O 8. O-O
Bg4 9. Qc2 Ne4 10. Nxe4 dxe4 11. Qxe4 Bxf3 12. Qxf3 e5 13. dxe5 Bxe5 14. a3 Na5
15. Rb1 b6 16. Qxa8 Qxa8 17. Bxa8 Rxa8 18. b4 Bxc3 19. bxa5 Bxa5 20. Bb2 Rd8
21. Rfd1 Rxd1+ 22. Rxd1 h6 23. Rd4 f6 24. Rd8+ Kh7 25. Rc8 b5 26. Ra8 Bb6 27.
Bd4 c5 28. Bc3 Kg6 29. Kg2 Kf5 30. Rb8 Ke4 31. Rb7 Kd3 32. Ba1 Kc4 33. Rxg7 Kb3
34. Bxf6 Kxa3 35. e4 b4 36. e5 b3 37. e6 b2 38. Bxb2+ Kxb2 39. e7 a5 40. e8=Q
c4 41. Qb8 c3 42. Qxb6+ Kc2 43. Qxa5 Kb2 44. Rb7+ Kc2 45. Qf5+ Kd2 46. Rd7+ Kc1
47. Qf4+ Kb2 48. Rd3 c2 49. Qd4+ Kb1 50. Rc3 c1=Q 51. Rxc1+ Kxc1 52. Qh8 Kc2
53. Qxh6 Kd3 54. f4 Kd4 55. f5 Ke5 56. Qe6+ Kd4 57. f6 Kc5 58. f7 Kd4 59. f8=Q
Kc3 60. Qf3+ Kd4 61. Qee4+ Kc5 62. Qff5+ Kd6 63. Qee6+ Kc7 64. Qff7+ Kd8 65.
Qee8# 1-0

[Event "NW Regional Scholastic Championships"]
[Site "Chess.com"]
[Date "2020.05.16"]
[Round "?"]
[White "franksalot520"]
[Black "Parthpp"]
[Result "0-1"]
[WhiteElo "1002"]
[BlackElo "1054"]
[PlyCount "128"]
[EventDate "2020.??.??"]

1. d4 d5 2. c4 e6 3. cxd5 exd5 4. Nc3 Nf6 5. Bf4 Bb4 6. a3 Bxc3+ 7. bxc3 Nc6 8.
Nf3 Be6 9. e3 O-O 10. Bb5 Qd7 11. Bxc6 Qxc6 12. Qd3 h6 13. O-O Rac8 14. Rac1
Rfe8 15. h3 Ne4 16. Ne5 Qa4 17. Ra1 Qa5 18. c4 Nf6 19. cxd5 Qxd5 20. Nf3 Qc6
21. Rac1 Qa4 22. Bxc7 Kf8 23. Bd6+ Kg8 24. e4 Red8 25. Be7 Re8 26. Bxf6 gxf6
27. Rc3 Bc4 28. Rxc4 Qxc4 29. Qd2 Kg7 30. d5 Qxe4 31. d6 Red8 32. Re1 Qc2 33.
Qd4 Qc4 34. d7 Rc7 35. Qxc4 Rxc4 36. Rd1 Rc7 37. Kh2 Rcxd7 38. Rb1 b6 39. Rb5
Rd5 40. Rb3 Ra5 41. Re3 a6 42. Kg3 Rc5 43. Rb3 b5 44. Rb4 a5 45. Rb3 Rb8 46. a4
b4 47. Nd4 Rc3+ 48. Rxc3 bxc3 49. h4 Rc8 50. Ne2 c2 51. Kf3 c1=Q 52. Nxc1 Rxc1
53. Kg3 Rc4 54. Kh3 Rxa4 55. Kg3 Rb4 56. f3 a4 57. Kf2 a3 58. h5 a2 59. Kg3
a1=Q 60. f4 Qc3+ 61. Kg4 Qc4 62. Kg3 Qxf4+ 63. Kh3 Rb3+ 64. g3 Qxg3# 0-1

[Event "NW Regional Scholastic Championships"]
[Site "Chess.com"]
[Date "2020.05.16"]
[Round "?"]
[White "mobister"]
[Black "franksalot520"]
[Result "1/2-1/2"]
[WhiteElo "1244"]
[BlackElo "1002"]
[PlyCount "130"]
[EventDate "2020.??.??"]

1. c4 Nc6 2. g3 b6 3. Bg2 Bb7 4. Nc3 Nf6 5. d3 g6 6. Nf3 Bg7 7. O-O e5 8. Rb1
d6 9. a3 O-O 10. b4 a6 11. Bd2 Rb8 12. a4 Qd7 13. b5 axb5 14. axb5 Na5 15. Ra1
Rfe8 16. Ra3 Bf8 17. Ra2 Bg7 18. Nb1 e4 19. Ng5 exd3 20. exd3 Bxg2 21. Kxg2 d5
22. Bxa5 bxa5 23. Rxa5 dxc4 24. dxc4 Red8 25. Qf3 h6 26. Nh3 g5 27. Ng1 Rbc8
28. Ne2 c6 29. Nbc3 cxb5 30. cxb5 Rb8 31. Rd1 Qe7 32. Rda1 Qb4 33. Ra8 Nd7 34.
Rxb8 Rxb8 35. Ra8 Bxc3 36. Rxb8+ Nxb8 37. Nxc3 Kg7 38. Qe3 Nd7 39. Qd3 Nc5 40.
Nd5 Nxd3 41. Nxb4 Nxb4 42. b6 Nc6 43. Kf3 Kf8 44. Ke4 Ke8 45. Kd5 Nb8 46. Kd6
Kd8 47. b7 f5 48. Ke5 Kc7 49. Kxf5 Nc6 50. Kg6 Nd4 51. Kxh6 Ne6 52. h4 gxh4 53.
gxh4 Kxb7 54. Kg6 Kc6 55. h5 Kd6 56. h6 Nf8+ 57. Kf7 Nh7 58. Kg7 Ng5 59. Kg6
Ne6 60. h7 Nf8+ 61. Kg7 Nxh7 62. Kxh7 Ke5 63. Kg6 Kf4 64. Kh5 Kf3 65. Kh4 Kxf2
1/2-1/2

[Event "NW Regional Scholastic Championships"]
[Site "Chess.com"]
[Date "2020.05.16"]
[Round "?"]
[White "franksalot520"]
[Black "rmzwang"]
[Result "1-0"]
[WhiteElo "1002"]
[BlackElo "1306"]
[PlyCount "47"]
[EventDate "2020.??.??"]

1. d4 d5 2. c4 c6 3. Nc3 Nf6 4. a3 Bf5 5. g3 e6 6. cxd5 exd5 7. Nf3 Bd6 8. Bg2
Nbd7 9. O-O O-O 10. Be3 b6 11. Rb1 c5 12. Rc1 Rc8 13. Qa4 cxd4 14. Nxd4 Bg6 15.
Nxd5 Nxd5 16. Bxd5 Rxc1 17. Rxc1 Nf6 18. Bf3 Qd7 19. Bc6 Qe7 20. Bg2 Ng4 21.
Bd2 Qf6 22. Nf3 Qxb2 23. Qxg4 Bxa3 24. Rc8 1-0

[Event "NW Regional Scholastic Championships"]
[Site "Chess.com"]
[Date "2020.05.16"]
[Round "?"]
[White "franksalot520"]
[Black "Red900"]
[Result "1-0"]
[WhiteElo "1002"]
[BlackElo "958"]
[PlyCount "43"]
[EventDate "2020.??.??"]

1. d4 Nf6 2. c4 e6 3. Nf3 c5 4. e3 cxd4 5. exd4 Nc6 6. Nc3 Bb4 7. Bd2 Bxc3 8.
Bxc3 O-O 9. Bd3 d5 10. cxd5 Nxd5 11. Bd2 Qf6 12. Bg5 Qxf3 13. Qxf3 Nxd4 14. Qd1
Bd7 15. O-O Rfc8 16. Qh5 h6 17. Bxh6 gxh6 18. Qxh6 a6 19. Bh7+ Kh8 20. Bg6+ Kg8
21. Qh7+ Kf8 22. Qxf7# 1-0

[Event "NW Regional Scholastic Championships"]
[Site "Chess.com"]
[Date "2020.05.16"]
[Round "?"]
[White "Chess_Bot254"]
[Black "hello318"]
[Result "1/2-1/2"]
[WhiteElo "1200"]
[BlackElo "1232"]
[PlyCount "105"]
[EventDate "2020.??.??"]

1. e4 c5 2. Nf3 Nc6 3. Bb5 g6 4. O-O Bg7 5. Bxc6 dxc6 6. Nc3 Nf6 7. h3 O-O 8.
d3 Be6 9. Be3 c4 10. dxc4 Bxc4 11. Qxd8 Raxd8 12. Rfd1 a5 13. Bb6 Rd7 14. Rxd7
Nxd7 15. Bxa5 Ne5 16. Nxe5 Bxe5 17. a3 b5 18. Rd1 c5 19. Bb6 b4 20. axb4 cxb4
21. Nd5 Bxd5 22. Rxd5 Bxb2 23. Bc5 Bc3 24. Bxe7 Re8 25. Bg5 Rxe4 26. Bh6 Re8
27. f3 f5 28. Kf2 Kf7 29. Rd3 Kf6 30. Rd6+ Re6 31. Bg7+ Kf7 32. Rxe6 Kxe6 33.
Bxc3 bxc3 34. Ke3 Ke5 35. g3 h5 36. Kd3 f4 37. gxf4+ Kxf4 38. Kxc3 Kxf3 39. Kb3
g5 40. c4 g4 41. hxg4 hxg4 42. c5 g3 43. c6 g2 44. c7 g1=Q 45. c8=Q Qb1+ 46.
Ka4 Qa2+ 47. Kb5 Qb3+ 48. Ka6 Qa4+ 49. Kb7 Qb5+ 50. Ka7 Qa5+ 51. Kb8 Qb6+ 52.
Qb7+ Qxb7+ 53. Kxb7 1/2-1/2

[Event "NW Regional Scholastic Championships"]
[Site "Chess.com"]
[Date "2020.05.16"]
[Round "?"]
[White "hello318"]
[Black "smallpal"]
[Result "0-1"]
[WhiteElo "1232"]
[BlackElo "1330"]
[PlyCount "54"]
[EventDate "2020.??.??"]

1. c4 e5 2. Nc3 Nf6 3. g3 Nc6 4. Bg2 Bb4 5. Nf3 e4 6. Ng5 d6 7. Ncxe4 Qe7 8.
Nxf6+ Qxf6 9. Nf3 Bd7 10. O-O O-O-O 11. a3 Bc5 12. b4 Qxa1 13. bxc5 dxc5 14.
Qb3 Qf6 15. Bb2 Qe7 16. Rb1 Na5 17. Qc3 Nc6 18. Qb3 Qe6 19. Bf6 Na5 20. Qb2
gxf6 21. Ne1 Bc6 22. Bxc6 Qxc6 23. Nc2 Nxc4 24. Qc3 Nxd2 25. Rb2 Nc4 26. Qxc4
Rd1+ 27. Ne1 Rxe1# 0-1

[Event "NW Regional Scholastic Championships"]
[Site "Chess.com"]
[Date "2020.05.16"]
[Round "?"]
[White "hello318"]
[Black "mobister"]
[Result "1-0"]
[WhiteElo "1232"]
[BlackElo "1244"]
[PlyCount "49"]
[EventDate "2020.??.??"]

1. c4 c6 2. Nc3 d5 3. cxd5 cxd5 4. g3 Nf6 5. Bg2 e6 6. Nf3 Nc6 7. O-O Bc5 8. d4
Bb6 9. Ne5 Nxe5 10. dxe5 Nd7 11. Bf4 O-O 12. Nb5 a6 13. Nd6 Bc5 14. Nxc8 Rxc8
15. Rc1 b5 16. b4 Bb6 17. Rxc8 Qxc8 18. Qd3 Qb7 19. Rc1 Rc8 20. Qb1 Rc4 21.
Rxc4 dxc4 22. Bxb7 Bd4 23. Qd1 Bxe5 24. Bxe5 Nxe5 25. Qd8# 1-0